Capitals of Africa - Statistics

General Stats
  • This quiz has been taken 65 times
  • The average score is 40 of 54
Answer Stats
Country Capital % Correct
Algeria Algiers
97%
Egypt Cairo
97%
Tunsia Tunis
93%
South Africa Bloemfontein | Cape Town | Pretoria
90%
Kenya Nairobi
90%
Libya Tripoli
90%
Djibouti Djibouti
86%
Sierra Leone Freetown
86%
Sudan Khartoum
86%
Morocco Rabat
86%
Sao Tome and Principe Sao Tome
86%
Ghana Accra
83%
Guinea Bissau Bissau
83%
Senegal Dakar
83%
Zimbabwe Harare
83%
Nigeria Abuja
79%
Ethiopia Addis Ababa
79%
Madagascar Antananarivo
79%
Uganda Kampala
79%
Somalia Mogadishu
79%
Cape Verde Praia
79%
Eritrea Asmara
76%
Congo Brazzaville
76%
South Sudan Juba
76%
Togo Lome
76%
Burkina Faso Ouagadougou
76%
Namibia Windhoek
76%
Cameroon Yaounde
76%
Cote d'Ivoire Abidjan | Yamoussoukro
72%
Benin Cotonou | Porto-Novo
72%
Democratic Republic of Congo Kinshasa
72%
Angola Luanda
72%
Zambia Lusaka
72%
Mali Bamako
69%
Rwanda Kigali
69%
Mozambique Maputo
69%
Comoros Moroni
69%
Seychelles Victoria
69%
Central African Republic Bangui
66%
Gambia Banjul
66%
Guinea Conakry
66%
Tanzania Dodoma
66%
Botswana Gaborone
66%
Gabon Libreville
66%
Liberia Monrovia
66%
Chad N'Djamena
66%
Niger Niamey
66%
Burundi Gitega |Bujumbura
62%
Malawi Lilongwe
62%
Eswatini Lobamba | Mbabane
62%
Mauritius Port Louis
62%
Mauritania Nouakchott
59%
Equatorial Guinea Malabo
55%
Lesotho Maseru
55%
No matching quizzes found
Score Distribution
Percent of People with Each Score
Percentile by Number Answered
Your Score History
You have not taken this quiz